000 00912nam a22002897a 4500
001 8449
003 FISKH
005 20250912112029.0
008 250912b cb ||||| |||| 00| 0 eng d
020 _a9780439078085
040 _aFISKH
_beng
_cFISKH
_dFISKH
050 _aQP88 .S52
082 _a612.7
100 _aSimon, Seymour
245 _aBones :
_bOur skeleton system /
_cBy Seymour Simon
260 _aNew York :
_bScholastic ,
_c1998.
300 _a26 unnumbered pages :
_bcolor illustrations ;
_c23 x 23 cm.
490 _aHuman Body
505 _aZ
520 _aDescribes the skeletal system and outlines the many important roles that bones play in the healthy functioning of the human body.
521 8 _a1020
_bLexile
521 8 _aZ
_bRaz-Plus
650 _aHuman body
_vNon-fiction
650 _aLife science
_vNon-fiction
942 _2ddc
_cBK
_n0
999 _c8449
_d8449